Géographie de l'Amérique du Sud par lettre - W X Y Z - Statistiques

Statistiques générales
  • Ce quiz a été pris 29 fois
  • Le résultat moyen est 5 sur 20
Statistiques - réponses
Question Réponse % Correct
Point culminant des Îles Galapagos - et pourtant il n'y a pas de loups dans cet archipel Mont {Wolf}
73%
Bovidé domestique originaire d'Inde, particulièrement adapté au climat tropical, dont il existe de gros cheptels au Brésil et dans d'autres pays d'Amérique du Sud. Il est élevé pour son lait et surtout pour sa viande. Zébu
73%
Le Pérou est le deuxième producteur minier de ce métal, dont le nom est à la fois synonyme de comptoir et d'avion Zinc
73%
Archipel le plus grand de la Patagonie chilienne, du nom d'un célèbre duc britannique qui fut victorieux à Waterloo Archipel {Wellington}
58%
Ancien pays européen, origine de 40% des habitants de Punta Arenas Yougoslavie
58%
Peuple autochtone bolivien, homonyme d'un prénom féminin français Zo'é
50%
Encyclopédie dont il existe des versions en quechua, aymara, guarani, créole guyanais et sranan Wikipedia
31%
Siècle au cours duquel la plupart des pays sud-américains ont obtenu leur indépendance XIXe
31%
Ethnie nigériane dont sont originaires la plupart des esclaves brésiliens et le candomblé Yoruba
19%
Ecrivain autrichien d'origine juive, qui s'est suicidé au Brésil en 1942 Stefan Zweig
15%
Rivière brésilienne affluent de l'Amazone, et groupe de peuples amérindiens Xingu
8%
Signes représentés sur les armoiries de l'Equateur Zodiaque
8%
Drapeaux carrés aux sept couleurs utilisées par les ethnies des Andes (photo) Wiphala
4%
Peuple autochtone de Guyane française et du Brésil (Etats d'Amapà et de Parà) Wayampi | Wayapi
0%
L'un des six peuples autochtones de Guyane française, autrefois appelés Roucouyennes Wayana
0%
Ethnie indigène du Chaco central et du Chaco austral, en Amérique du Sud, particulièrement en Argentine, mais aussi en Bolivie et au Paraguay Wichís
0%
Peuple indigène d’Amazonie, présents au Brésil et au Venezuela Yanomami
0%
Nom donné à une bande forestière, située entre 500 et 2 300 m d'altitude, qui s'étend sur le flanc est de la Cordillère des Andes au Pérou, en Bolivie et en Argentine. Yunga
0%
Zone de basses pressions ceinturant la Terre dans sa région équatoriale entre les deux tropiques, facteur important du climat amazonien Zone de convergence intertropicale
0%
Etat du Venezuela (capitale : Maracaibo) Zulia
0%
Aucun quiz correspondant
Distribution des résultats
% des personnes avec chaque résultat
Percentile par nombre de réponses
Votre historique - résultats
Vous n’avez pas pris ce quiz